[Event "4NCL/Div2/WRO vs. CAMB1"]
[Site "Birmingham ENG"]
[Date "2005.11.19"]
[Round "3.3"]
[White "Potts, Alan W"]
[Black "Moskovic, David M"]
[Result "0-1"]
[WhiteElo "2275"]
[BlackElo "2284"]
[PlyCount "40"]
[EventDate "2005.11.19"]
[EventType "team"]
[EventRounds "11"]
[EventCountry "ENG"]
[SourceDate "2005.10.25"]

1. e4 c5 2. g3 d5 3. exd5 Qxd5 4. Nf3 Bg4 5. Bg2 Qe6+ 6. Kf1 Nc6 7. h3 Bh5 8.
a3 Nf6 9. b4 cxb4 10. axb4 Nxb4 11. Nc3 Nc6 12. g4 Bg6 13. d3 Qd7 14. Bf4 e6
15. Nb5 Nd5 16. Bg3 Bb4 17. Ng5 O-O 18. h4 f6 19. h5 fxg5 20. hxg6 Ne3+ 0-1

[Event "4NCL/Div2/WRO vs. CAMB1"]
[Site "Birmingham ENG"]
[Date "2005.11.19"]
[Round "3.4"]
[White "Churm, Rohan M"]
[Black "Adams, David M"]
[Result "1/2-1/2"]
[WhiteElo "2166"]
[BlackElo "2235"]
[PlyCount "39"]
[EventDate "2005.11.19"]
[EventType "team"]
[EventRounds "11"]
[EventCountry "ENG"]
[SourceDate "2005.10.25"]

1. e4 Nf6 2. Nc3 e5 3. Nf3 Bb4 4. Nxe5 O-O 5. Be2 Re8 6. Nf3 Bxc3 7. dxc3 Nxe4
8. O-O Nc6 9. Bc4 d6 10. Qd5 Qf6 11. Ng5 Nxg5 12. Qxg5 Qxg5 13. Bxg5 Bf5 14.
Rac1 Ne5 15. Bb5 Re6 16. f4 Nc6 17. Rfd1 h6 18. Bh4 a6 19. Bc4 Re3 20. Bf2
1/2-1/2

[Event "4NCL/Div2/WRO vs. CAMB1"]
[Site "Birmingham ENG"]
[Date "2005.11.19"]
[Round "3.5"]
[White "Gayson, Peter M"]
[Black "Valden, Petros"]
[Result "1/2-1/2"]
[WhiteElo "2233"]
[BlackElo "2137"]
[PlyCount "117"]
[EventDate "2005.11.19"]
[EventType "team"]
[EventRounds "11"]
[EventCountry "ENG"]
[SourceDate "2005.10.25"]

1. e4 c5 2. Nf3 Nc6 3. d4 cxd4 4. Nxd4 Nf6 5. Nc3 e6 6. Ndb5 d6 7. Bf4 e5 8.
Bg5 a6 9. Na3 b5 10. Nd5 Be7 11. Bxf6 Bxf6 12. c3 Bg5 13. Nc2 O-O 14. Be2 g6
15. O-O Bb7 16. a4 bxa4 17. Rxa4 a5 18. Bc4 Nb8 19. Qe2 Nd7 20. b4 Nb6 21. Nxb6
Qxb6 22. Rfa1 axb4 23. Rxa8 Rxa8 24. Rxa8+ Bxa8 25. Nxb4 Kg7 26. Bxf7 Bxe4 27.
Qxe4 Kxf7 28. h4 Bf6 29. Qc4+ Kg7 30. g3 Qb7 31. Qe6 Qe7 32. Qc8 e4 33. Nd5 Qe5
34. c4 Qa1+ 35. Kg2 Qd1 36. Qd7+ Kh6 37. Qxd6 Qf3+ 38. Kg1 Bd4 39. Qf4+ Qxf4
40. Nxf4 e3 41. fxe3 Bxe3+ 42. Kg2 g5 43. hxg5+ Kxg5 44. Kf3 Ba7 45. c5 Kf6 46.
Nd5+ Ke5 47. c6 Kd6 48. c7 Kd7 49. g4 h6 50. Kg3 Bd4 51. Kh4 Bb2 52. Kh5 Bc1
53. Kg6 Bd2 54. Kf5 Bc1 55. Ke4 Bb2 56. Kf5 Bc1 57. Ke4 Bb2 58. Kd3 Be5 59. Ke4
1/2-1/2

[Event "4NCL/Div2/WRO vs. CAMB1"]
[Site "Birmingham ENG"]
[Date "2005.11.19"]
[Round "3.6"]
[White "Regan, Natasha"]
[Black "Burnett, Jim"]
[Result "0-1"]
[WhiteElo "2208"]
[BlackElo "2194"]
[PlyCount "84"]
[EventDate "2005.11.19"]
[EventType "team"]
[EventRounds "11"]
[EventCountry "ENG"]
[SourceDate "2005.10.25"]

1. e4 d5 2. exd5 Qxd5 3. Nc3 Qa5 4. h3 Nf6 5. Nf3 c6 6. Bc4 Bf5 7. O-O e6 8. a3
Be7 9. Rb1 O-O 10. b4 Qc7 11. Nh4 Bg6 12. Nxg6 hxg6 13. Bb2 Nbd7 14. Re1 b5 15.
Bf1 a5 16. Ne2 axb4 17. axb4 Nd5 18. c3 e5 19. Qb3 Kh7 20. Ng3 Rab8 21. Ra1 f5
22. Ra5 N7b6 23. d3 Na4 24. Ba1 Bd6 25. Rc1 Qb7 26. c4 Bxb4 27. Bxe5 Bxa5 28.
Bxb8 Rxb8 29. cxd5 cxd5 30. d4 Bd8 31. Bd3 Bf6 32. Ne2 Qb6 33. Qxd5 Nb2 34. Rc6
Qa5 35. Nf4 Nxd3 36. Nxd3 Qa1+ 37. Kh2 Qxd4 38. Qf7 b4 39. Ne1 Qe5+ 40. g3 Qxe1
41. Rxf6 Qxf2+ 42. Kh1 Qe1+ 0-1

[Event "4NCL/Div2/WRO vs. CAMB1"]
[Site "Birmingham ENG"]
[Date "2005.11.19"]
[Round "3.7"]
[White "Barrett, Steve J"]
[Black "Gooding, Ian"]
[Result "1-0"]
[WhiteElo "2188"]
[BlackElo "2100"]
[PlyCount "53"]
[EventDate "2005.11.19"]
[EventType "team"]
[EventRounds "11"]
[EventCountry "ENG"]
[SourceDate "2005.10.25"]

1. d4 d5 2. c4 c6 3. Nc3 dxc4 4. e4 b5 5. a4 b4 6. Na2 Nf6 7. e5 Nd5 8. Bxc4
Bf5 9. Nf3 e6 10. O-O Be7 11. Be3 Nd7 12. Nc1 N7b6 13. Ba6 Nxe3 14. fxe3 Rb8
15. Nb3 Nd5 16. Qe2 Bg6 17. e4 Nb6 18. Rfc1 Qd7 19. Na5 O-O 20. Nxc6 Rbe8 21.
a5 Na8 22. Bb5 Qb7 23. Nxe7+ Rxe7 24. Bc6 Qb8 25. d5 exd5 26. exd5 f6 27. d6
1-0

[Event "4NCL/Div2/WRO vs. CAMB1"]
[Site "Birmingham ENG"]
[Date "2005.11.19"]
[Round "3.8"]
[White "Jones, Richard M"]
[Black "Guo, Xi-Yang"]
[Result "1/2-1/2"]
[WhiteElo "2072"]
[BlackElo "1773"]
[PlyCount "78"]
[EventDate "2005.11.19"]
[EventType "team"]
[EventRounds "11"]
[EventCountry "ENG"]
[SourceDate "2005.10.25"]

{Black was an ineligible player, match game lost} 1. e4 g6 2. d4 d6 3. Nf3 Bg7
4. Bc4 e6 5. O-O Ne7 6. c3 a6 7. Bf4 b5 8. Bb3 Bb7 9. Nbd2 O-O 10. Qe2 c5 11.
dxc5 dxc5 12. Be5 Nbc6 13. Bxg7 Kxg7 14. Qe3 c4 15. Bc2 Qc7 16. a4 Rae8 17.
axb5 axb5 18. Qc5 Ba8 19. Qxb5 Rb8 20. Qxc4 Rxb2 21. Ba4 Qf4 22. Bxc6 Bxc6 23.
Qc5 Rb7 24. Qe5+ Qxe5 25. Nxe5 Rd8 26. Nxc6 Nxc6 27. Nc4 Rd3 28. Rfc1 Rb3 29.
f3 {=} Rdxc3 30. Nd2 Rxc1+ 31. Rxc1 Rd3 32. Rxc6 Rxd2 33. Rc7 h5 34. h4 Kf8 35.
Kh2 Ke8 36. Kg3 e5 37. Ra7 Rd7 38. Ra8+ Ke7 39. Kf2 Rd2+ 1/2-1/2

[Event "4NCL/Div2/GUI3 vs. RICA"]
[Site "Birmingham ENG"]
[Date "2005.11.20"]
[Round "4.1"]
[White "Muir, Andrew J"]
[Black "Bates, Richard A"]
[Result "1-0"]
[WhiteElo "2325"]
[BlackElo "2383"]
[PlyCount "129"]
[EventDate "2005.11.20"]
[SourceDate "2005.10.25"]

1. d4 Nf6 2. c4 g6 3. Nc3 Bg7 4. e4 d6 5. f3 O-O 6. Bg5 a5 7. Qd2 a4 8. Nge2 c6
9. Ng3 Qa5 10. Be2 c5 11. dxc5 a3 12. b4 Qxb4 13. cxd6 Qxd6 14. Qxd6 exd6 15.
Rb1 Nc6 16. Nb5 Ne8 17. O-O Be6 18. Rb3 h6 19. Bc1 Ra4 20. Bxa3 Bxc4 21. Bxc4
Rxc4 22. Nxd6 Nxd6 23. Bxd6 Rd8 24. Bf4 Ra8 25. a3 Nd4 26. Rxb7 Rxa3 27. Rc7
Rxc7 28. Bxc7 Ra2 29. Rd1 Ne6 30. Bb6 Nf4 31. Bf2 h5 32. Nf1 Ne2+ 33. Kh1 Bc3
34. Ne3 Bd4 35. Rf1 Nf4 36. Nd5 Rxf2 37. Rxf2 Bxf2 38. Nxf4 Kg7 39. g3 Kf6 40.
Kg2 Bd4 41. Ne2 Bb2 42. f4 Ke6 43. Kf3 Kd6 44. Ke3 Ba3 45. Nd4 Bc5 46. Kd3 Bb6
47. Kc4 f6 48. Nf3 Ke6 49. Nd4+ Kd6 50. Kd3 Bc5 51. Nf3 Ke6 52. Nh4 g5 53. Nf5
g4 54. Ke2 Kf7 55. Kf1 Kg6 56. Kg2 Kf7 57. h3 gxh3+ 58. Kxh3 Kg6 59. Kh4 Bf2
60. Ne7+ Kf7 61. Nd5 Ke6 62. Nc3 f5 63. e5 Kf7 64. Nd5 Be1 65. Nf6 1-0

[Event "4NCL/Div2/GUI3 vs. RICA"]
[Site "Birmingham ENG"]
[Date "2005.11.20"]
[Round "4.2"]
[White "Wall, Gavin"]
[Black "Cooksey, Paul S"]
[Result "1-0"]
[WhiteElo "2348"]
[BlackElo "2253"]
[PlyCount "107"]
[EventDate "2005.11.20"]
[SourceDate "2005.10.25"]

1. e4 c6 2. d4 d5 3. e5 Bf5 4. Be3 e6 5. Nd2 Nd7 6. f4 c5 7. Ngf3 Bg4 8. h3
cxd4 9. Bxd4 Bxf3 10. Qxf3 Ne7 11. c4 Nc6 12. Bf2 dxc4 13. Bxc4 Nb6 14. O-O-O
Qc7 15. Kb1 Bb4 16. Bd3 Nd5 17. Be4 Bxd2 18. Rxd2 Nce7 19. f5 O-O 20. f6 Ng6
21. fxg7 Rfe8 22. Bd4 Rad8 23. Rf1 Rd7 24. h4 Red8 25. Bxg6 hxg6 26. h5 Kxg7
27. hxg6 fxg6 28. Rh1 Rh8 29. Rxh8 Rf7 30. Rc2 Qxc2+ 31. Kxc2 Rxf3 32. gxf3
Kxh8 33. Bxa7 Nb4+ 34. Kb3 Nc6 35. Be3 Kg8 36. f4 Kf7 37. Kc4 Ke7 38. Kb5 Kd7
39. Kb6 Kc8 40. Bc5 Nd8 41. a4 Nf7 42. Be7 Nh6 43. b4 Nf5 44. Bc5 Ng3 45. a5
Ne2 46. Be3 Nc3 47. Bd2 Nd5+ 48. Kc5 Kd7 49. b5 Kc7 50. b6+ Kd7 51. Kb5 Kc8 52.
a6 Kb8 53. Kc5 bxa6 54. Kd6 1-0

[Event "4NCL/Div2/GUI3 vs. RICA"]
[Site "Birmingham ENG"]
[Date "2005.11.20"]
[Round "4.3"]
[White "Thompson, Ian D"]
[Black "Hinks-Edwards, Thomas"]
[Result "1/2-1/2"]
[WhiteElo "2295"]
[BlackElo "2343"]
[PlyCount "44"]
[EventDate "2005.11.20"]
[SourceDate "2005.10.25"]

1. c4 e6 2. Nc3 Nf6 3. e4 d5 4. e5 d4 5. exf6 dxc3 6. bxc3 Qxf6 7. d4 c5 8. Nf3
cxd4 9. Bg5 Qf5 10. cxd4 Bb4+ 11. Bd2 Qa5 12. Rb1 Bxd2+ 13. Qxd2 Qxd2+ 14. Kxd2
b6 15. Bd3 Bb7 16. Ke3 Nd7 17. Rhc1 Ke7 18. a4 Rhc8 19. a5 Bc6 20. axb6 axb6
21. Ne5 Nxe5 22. dxe5 Rcb8 1/2-1/2

[Event "4NCL/Div2/GUI3 vs. RICA"]
[Site "Birmingham ENG"]
[Date "2005.11.20"]
[Round "4.4"]
[White "Bisby, Daniel L"]
[Black "Richardson, Keith B"]
[Result "1/2-1/2"]
[WhiteElo "2274"]
[BlackElo "2236"]
[PlyCount "37"]
[EventDate "2005.11.20"]
[SourceDate "2005.10.25"]

1. e4 g6 2. d4 Bg7 3. Nc3 d6 4. Be3 a6 5. Qd2 b5 6. h4 h6 7. O-O-O Nf6 8. Bd3
Nc6 9. f4 Bg4 10. Nf3 e6 11. f5 gxf5 12. exf5 exf5 13. Rde1 Kf8 14. Rhf1 Ne7
15. Nh2 Bh5 16. Ne2 Bxe2 17. Qxe2 Qd7 18. Rg1 Re8 19. Qf3 1/2-1/2

[Event "4NCL/Div2/GUI3 vs. RICA"]
[Site "Birmingham ENG"]
[Date "2005.11.20"]
[Round "4.5"]
[White "Jackson, Adrian"]
[Black "Nixon, Thomas C M"]
[Result "1-0"]
[WhiteElo "2226"]
[BlackElo "2216"]
[PlyCount "91"]
[EventDate "2005.11.20"]
[SourceDate "2005.10.25"]

1. e4 e5 2. f4 exf4 3. Nf3 d5 4. exd5 Nf6 5. Bb5+ Bd7 6. Bc4 Qe7+ 7. Qe2 Qxe2+
8. Kxe2 Bd6 9. Re1 O-O 10. Kf1 b5 11. Bb3 Na6 12. a3 Rfe8 13. Nc3 h6 14. d3
Rxe1+ 15. Kxe1 g5 16. h3 Kh7 17. Bd2 Kg6 18. Kf1 Nc5 19. Ba2 Re8 20. Re1 a5 21.
d4 Nce4 22. Nxe4 Nxe4 23. Bxa5 f6 24. Bb1 Bf5 25. Kg1 Rg8 26. c3 Ng3 27. Bxf5+
Nxf5 28. Bb4 Bxb4 29. cxb4 Rd8 30. Rc1 Rd7 31. Rc6 Nd6 32. Ne5+ fxe5 33. dxe5
Kf5 34. exd6 Rxd6 35. Rxc7 Rxd5 36. Rc5 Ke4 37. Rxd5 Kxd5 38. b3 Kc6 39. a4 h5
40. Kf2 g4 41. hxg4 hxg4 42. Ke2 Kb6 43. Kd3 Ka6 44. Ke4 f3 45. gxf3 g3 46. Ke3
1-0

[Event "4NCL/Div2/GUI3 vs. RICA"]
[Site "Birmingham ENG"]
[Date "2005.11.20"]
[Round "4.6"]
[White "Wilson, Alexandra"]
[Black "Anderton, Matthew N"]
[Result "0-1"]
[WhiteElo "2101"]
[BlackElo "2205"]
[PlyCount "80"]
[EventDate "2005.11.20"]
[SourceDate "2005.10.25"]

1. e4 c5 2. Nf3 e6 3. c3 Nf6 4. e5 Nd5 5. d4 cxd4 6. cxd4 d6 7. a3 Bd7 8. Bd3
Bc6 9. Qe2 Nd7 10. O-O Be7 11. Bd2 dxe5 12. Nxe5 Nxe5 13. dxe5 Qb6 14. Nc3 Nxc3
15. Bxc3 Rd8 16. Rad1 O-O 17. Qc2 g6 18. Bd2 Rc8 19. Bc3 Bd5 20. Qd2 Qc6 21. f3
Bxa3 22. Kh1 Be7 23. Ra1 a6 24. Qf4 Bc4 25. Be4 Qb5 26. Rfc1 Rfd8 27. h4 Bd3
28. h5 Bxe4 29. fxe4 Qe2 30. hxg6 hxg6 31. Rf1 Qh5+ 32. Qh2 Qxh2+ 33. Kxh2 Rc4
34. Rf4 Bg5 35. Rg4 Bd2 36. Bxd2 Rxd2 37. Ra3 Rxb2 38. Rd3 Rbb4 39. Re3 Rb5 40.
Rg5 Rcc5 0-1

[Event "4NCL/Div2/GUI3 vs. RICA"]
[Site "Birmingham ENG"]
[Date "2005.11.20"]
[Round "4.7"]
[White "Abayasekera, Roger"]
[Black "Mitchem, Nicholas D"]
[Result "1-0"]
[WhiteElo "2210"]
[BlackElo "2060"]
[PlyCount "55"]
[EventDate "2005.11.20"]
[SourceDate "2005.10.25"]

1. Nf3 Nf6 2. c4 g6 3. g3 Bg7 4. Bg2 O-O 5. O-O c6 6. d4 d5 7. b3 Re8 8. Bb2
Nbd7 9. Nbd2 h6 10. Qc2 Nf8 11. Nh4 Be6 12. e4 dxe4 13. Nxe4 Nxe4 14. Bxe4 f5
15. Bg2 Rc8 16. Rfe1 Bf7 17. Rad1 Bf6 18. Nf3 Qc7 19. Bc1 Bg7 20. h4 e6 21. Bf4
Qa5 22. Ne5 Re7 23. c5 Bxe5 24. dxe5 Kh7 25. Qc1 Qxa2 26. Bxh6 Qxb3 27. Qg5
Rce8 28. Bxf8 1-0

[Event "4NCL/Div2/GUI3 vs. RICA"]
[Site "Birmingham ENG"]
[Date "2005.11.20"]
[Round "4.8"]
[White "O'Toole, George E"]
[Black "Yurenok, Maria S"]
[Result "1/2-1/2"]
[WhiteElo "1934"]
[BlackElo "2072"]
[PlyCount "120"]
[EventDate "2005.11.20"]
[SourceDate "2005.10.25"]

1. e4 c5 2. c3 b6 3. d4 Bb7 4. d5 Nf6 5. Qc2 e6 6. c4 exd5 7. exd5 d6 8. Nc3
Be7 9. Nf3 Nbd7 10. Bd3 O-O 11. O-O Ne5 12. Nxe5 dxe5 13. Re1 Bd6 14. Bg5 h6
15. Bxf6 Qxf6 16. Ne4 Qd8 17. Nxd6 Qxd6 18. Re3 Rae8 19. Rae1 Bc8 20. f4 e4 21.
Rxe4 Rxe4 22. Rxe4 Qf6 23. Qc3 Qxc3 24. bxc3 Bf5 25. Re3 Bxd3 26. Rxd3 Rd8 27.
Kf2 Kf8 28. Kf3 Ke7 29. g4 Kd6 30. a4 Re8 31. Re3 Rb8 32. h4 g6 33. f5 gxf5 34.
gxf5 Rg8 35. Kf4 Rg1 36. Rg3 Ra1 37. Ke4 Rxa4 38. Kd3 Ra1 39. Rg7 Ke7 40. d6+
Kf6 41. Rg2 Rd1+ 42. Rd2 Rg1 43. Ra2 Kxf5 44. d7 Rg8 45. Rxa7 Rd8 46. Rb7 h5
47. Ke3 f6 48. Rxb6 Rxd7 49. Rc6 Re7+ 50. Kf3 Re5 51. Rd6 Re1 52. Rc6 Re5 53.
Rc7 Ke6 54. Kf4 Rf5+ 55. Ke4 Re5+ 56. Kf4 Rf5+ 57. Kg3 Re5 58. Rc6+ Kf5 59. Kf3
Kg6 60. Kf4 Rf5+ 1/2-1/2

[Event "4NCL/Div2/PYO vs. WGR3"]
[Site "Birmingham ENG"]
[Date "2005.11.20"]
[Round "4.1"]
[White "Rendle, Thomas E"]
[Black "Tan, Desmond"]
[Result "1/2-1/2"]
[WhiteElo "2332"]
[BlackElo "2323"]
[PlyCount "26"]
[EventDate "2005.11.20"]
[SourceDate "2005.10.25"]

1. e4 c5 2. Nf3 d6 3. c3 Nf6 4. Be2 Bg4 5. O-O e6 6. h3 Bh5 7. Re1 Be7 8. d4
cxd4 9. cxd4 O-O 10. Qb3 Nc6 11. d5 Bxf3 12. Bxf3 Nd4 13. Qd3 Nxf3+ 1/2-1/2

[Event "4NCL/Div2/PYO vs. WGR3"]
[Site "Birmingham ENG"]
[Date "2005.11.20"]
[Round "4.2"]
[White "McDonald, Neil"]
[Black "Bigg, Andrew J"]
[Result "1-0"]
[WhiteElo "2374"]
[BlackElo "2295"]
[PlyCount "59"]
[EventDate "2005.11.20"]
[SourceDate "2005.10.25"]

1. e4 e6 2. d4 d5 3. Nd2 Nf6 4. e5 Nfd7 5. Ngf3 c5 6. c3 Nc6 7. Bd3 Qb6 8. O-O
g6 9. dxc5 Nxc5 10. Nb3 Nxd3 11. Qxd3 Bg7 12. Re1 Qc7 13. Bf4 Bd7 14. Nbd4 a6
15. Nxc6 Bxc6 16. Bg5 O-O 17. Qe3 Rfc8 18. Rad1 b5 19. Rd4 Qa7 20. Bf6 Be8 21.
Bxg7 Kxg7 22. Qg5 Rc4 23. Rxc4 bxc4 24. h4 h5 25. g4 hxg4 26. Qf6+ Kg8 27. h5
gxh5 28. Ng5 Rb8 29. Re2 d4 30. Qh6 1-0

[Event "4NCL/Div2/PYO vs. WGR3"]
[Site "Birmingham ENG"]
[Date "2005.11.20"]
[Round "4.3"]
[White "Dorrington, Christopher"]
[Black "Woodward, Timothy"]
[Result "0-1"]
[WhiteElo "2227"]
[BlackElo "2334"]
[PlyCount "38"]
[EventDate "2005.11.20"]
[SourceDate "2005.10.25"]

1. e4 c5 2. Nf3 d6 3. Nc3 Nf6 4. d4 cxd4 5. Nxd4 g6 6. Be3 Bg7 7. f3 O-O 8. Bc4
Nc6 9. Qd2 Bd7 10. O-O-O Rb8 11. Bb3 Na5 12. Bh6 b5 13. Nd5 Bxh6 14. Nxf6+ Kg7
15. f4 exf6 16. Rdg1 Nc4 17. Bxc4 bxc4 18. g4 Kg8 19. h4 Qb6 0-1

[Event "4NCL/Div2/PYO vs. WGR3"]
[Site "Birmingham ENG"]
[Date "2005.11.20"]
[Round "4.4"]
[White "Pokorna, Regina"]
[Black "Bennet, William D"]
[Result "1-0"]
[WhiteElo "2353"]
[BlackElo "2165"]
[PlyCount "96"]
[EventDate "2005.11.20"]
[SourceDate "2005.10.25"]

1. e4 c5 2. Nf3 Nc6 3. d4 cxd4 4. Nxd4 g6 5. Nc3 Bg7 6. Be3 Nf6 7. Bc4 O-O 8.
Bb3 a5 9. f3 d5 10. Bxd5 Nxd5 11. Nxd5 e6 12. Nxc6 bxc6 13. Nb6 Rb8 14. Qxd8
Rxd8 15. Rd1 Rxd1+ 16. Kxd1 Bxb2 17. Nxc8 Rxc8 18. Ke2 Rb8 19. Rd1 Bf6 20. Rd6
Rc8 21. Rd7 Be5 22. f4 Bc7 23. g3 e5 24. f5 Kg7 25. g4 Bb8 26. Bb6 a4 27. Kd3
h5 28. fxg6 Kxg6 29. gxh5+ Kxh5 30. Rxf7 Kg4 31. Rg7+ Kh3 32. Kc4 Kxh2 33. Kc5
a3 34. c4 Rf8 35. Kxc6 Rf6+ 36. Kb5 Rf4 37. c5 Rxe4 38. Rg8 Re2 39. Rxb8 Rxa2
40. c6 Ra1 41. Bc7 Kg2 42. Bxe5 Re1 43. Rg8+ Kf3 44. Bd4 Rc1 45. Rg1 Rc2 46.
Kb6 Ke4 47. Bg7 a2 48. c7 Rc4 1-0

[Event "4NCL/Div2/PYO vs. WGR3"]
[Site "Birmingham ENG"]
[Date "2005.11.20"]
[Round "4.5"]
[White "Eckersley-Waites, Tom"]
[Black "Grant, Jonathan"]
[Result "1/2-1/2"]
[WhiteElo "2116"]
[BlackElo "2254"]
[PlyCount "68"]
[EventDate "2005.11.20"]
[SourceDate "2005.10.25"]

1. e4 c6 2. d4 d5 3. Nd2 dxe4 4. Nxe4 Bf5 5. Ng3 Bg6 6. h4 h6 7. Nh3 Nf6 8. Nf4
Bh7 9. Nfh5 Nbd7 10. c3 e5 11. Bc4 Qe7 12. O-O O-O-O 13. Re1 Nxh5 14. Qxh5 g6
15. Qd1 f5 16. Qb3 Bg7 17. dxe5 g5 18. Be6 Rhf8 19. Nh5 f4 20. Nxg7 Qxg7 21.
Qa3 Kb8 22. Bxd7 Rxd7 23. e6 Rd5 24. hxg5 hxg5 25. c4 Rd3 26. b3 Re8 27. Qb2
Qh6 28. Qe5+ Kc8 29. f3 Qh4 30. Rf1 Bg6 31. Bb2 Rd2 32. Bc3 Rxg2+ 33. Kxg2 Qg3+
34. Kh1 Qh3+ 1/2-1/2

[Event "4NCL/Div2/PYO vs. WGR3"]
[Site "Birmingham ENG"]
[Date "2005.11.20"]
[Round "4.6"]
[White "Maduekwe, Chiedu"]
[Black "Hillman, Jamie O"]
[Result "1/2-1/2"]
[WhiteElo "2142"]
[BlackElo "1999"]
[PlyCount "78"]
[EventDate "2005.11.20"]
[SourceDate "2005.10.25"]

1. d4 Nf6 2. c4 e6 3. Nf3 b6 4. a3 Bb7 5. Nc3 d5 6. cxd5 exd5 7. g3 Nbd7 8. Bg2
Be7 9. O-O O-O 10. Bf4 Rc8 11. Ne5 Nxe5 12. dxe5 Ne4 13. Nxe4 dxe4 14. Qc2 Qd5
15. Rfd1 Qc6 16. Qxc6 Bxc6 17. Rac1 Bb5 18. Bxe4 Bxe2 19. Rd7 Bd8 20. Bf5 g5
21. Bd2 Re8 22. e6 fxe6 23. Bxh7+ Kf8 24. Bg6 Re7 25. Rxd8+ Rxd8 26. Bxg5 c5
27. Re1 Bc4 28. Be4 Rd4 29. Bxe7+ Kxe7 30. Re3 Kf6 31. Kg2 Rd2 32. b3 Bd5 33.
Kf3 Ra2 34. b4 Bxe4+ 35. Kxe4 Rxf2 36. bxc5 bxc5 37. Rc3 Rxh2 38. Rxc5 Re2+ 39.
Kf3 Rb2 1/2-1/2

[Event "4NCL/Div2/PYO vs. WGR3"]
[Site "Birmingham ENG"]
[Date "2005.11.20"]
[Round "4.7"]
[White "Wells, Daniel"]
[Black "Hasman, Cengiz"]
[Result "1-0"]
[WhiteElo "1997"]
[BlackElo "2152"]
[PlyCount "65"]
[EventDate "2005.11.20"]
[SourceDate "2005.10.25"]

1. e4 g6 2. d4 Bg7 3. Nc3 d6 4. Be3 a6 5. Qd2 Nd7 6. f3 c6 7. g4 b6 8. Nge2 Bb7
9. h4 h5 10. gxh5 Rxh5 11. Ng3 Rh8 12. h5 Qc7 13. hxg6 fxg6 14. Rxh8 Bxh8 15.
Qh2 Bf6 16. Qh7 O-O-O 17. Bh3 e5 18. O-O-O Kb8 19. Bxd7 Qxd7 20. Qxg6 b5 21.
Nf5 b4 22. Ne2 d5 23. dxe5 Bxe5 24. Bg5 Rc8 25. f4 Bc7 26. e5 c5 27. Rh1 d4 28.
Rh7 Qd5 29. Nd6 Qf3 30. Qd3 Bxd6 31. exd6 Qg4 32. d7 Nf6 33. dxc8=Q+ 1-0

[Event "4NCL/Div2/PYO vs. WGR3"]
[Site "Birmingham ENG"]
[Date "2005.11.20"]
[Round "4.8"]
[White "Kikoyo, Ali"]
[Black "Hegarty, Sarah"]
[Result "1-0"]
[WhiteElo "2065"]
[BlackElo "1892"]
[PlyCount "87"]
[EventDate "2005.11.20"]
[SourceDate "2005.10.25"]

1. e4 c5 2. Nf3 Nc6 3. d4 cxd4 4. Nxd4 g6 5. Nc3 Bg7 6. Be3 Nf6 7. f3 O-O 8.
Qd2 d5 9. Nxc6 bxc6 10. O-O-O Qa5 11. exd5 cxd5 12. Nxd5 Qxa2 13. Nxe7+ Kh8 14.
Qb4 Re8 15. Bc4 a5 16. Qc3 Qa1+ 17. Kd2 Qa4 18. Bd4 Qb4 19. Nd5 Qxc3+ 20. Kxc3
Nxd5+ 21. Bxd5 Bxd4+ 22. Rxd4 Ra7 23. Rhd1 Rc7+ 24. Rc4 Rd7 25. Bc6 Re3+ 26.
Rd3 Rdxd3+ 27. cxd3 Ba6 28. Rd4 Re1 29. Rd6 Kg7 30. Bd5 Bc8 31. b3 Re2 32. f4
Rf2 33. Bf3 h5 34. h4 Bg4 35. Bd5 Rxf4 36. Ra6 Bc8 37. Rxa5 Rxh4 38. b4 Rf4 39.
b5 Rf6 40. Kd4 h4 41. Kc5 Rf5 42. b6 g5 43. Ra7 Be6 44. Rd7 1-0

[Event "4NCL/Div2/BRI1 vs. WRO"]
[Site "Birmingham ENG"]
[Date "2005.11.20"]
[Round "4.1"]
[White "Cobb, Charles"]
[Black "Hanley, Craig A"]
[Result "1/2-1/2"]
[WhiteElo "2405"]
[BlackElo "2388"]
[PlyCount "81"]
[EventDate "2005.11.20"]
[SourceDate "2005.10.25"]

1. c4 Nf6 2. Nc3 g6 3. Nf3 Bg7 4. e4 d6 5. d4 O-O 6. Be2 e5 7. dxe5 dxe5 8.
Qxd8 Rxd8 9. Bg5 Re8 10. Nd5 Nxd5 11. cxd5 c6 12. Bc4 cxd5 13. Bxd5 Nd7 14. Nd2
Nc5 15. O-O-O Be6 16. Bxe6 Rxe6 17. Be3 Bf8 18. f3 Rc6 19. Kb1 Rac8 20. Rc1 b6
21. Rhe1 f6 22. Bxc5 Rxc5 23. Rxc5 Rxc5 24. Rc1 Kf7 25. Nb3 Rxc1+ 26. Nxc1 Bc5
27. Ne2 f5 28. Kc2 h5 29. Kd3 Ke6 30. Kc4 a6 31. b4 Bf2 32. a4 Be1 33. Nc1 Kd6
34. b5 a5 35. Ne2 Ke6 36. Ng1 f4 37. Ne2 g5 38. h3 Kd6 39. Nc1 Bd2 40. Ne2 Be1
41. Nc1 1/2-1/2

[Event "4NCL/Div2/BRI1 vs. WRO"]
[Site "Birmingham ENG"]
[Date "2005.11.20"]
[Round "4.2"]
[White "Kaid, Almar"]
[Black "Buckley, Simon T"]
[Result "1-0"]
[WhiteElo "2275"]
[BlackElo "2338"]
[PlyCount "73"]
[EventDate "2005.11.20"]
[SourceDate "2005.10.25"]

1. Nf3 e6 2. g3 b5 3. Bg2 Bb7 4. d4 Nf6 5. O-O Be7 6. Bg5 h6 7. Bxf6 Bxf6 8.
Qd3 a6 9. Nbd2 d6 10. a4 Qd7 11. axb5 axb5 12. Rxa8 Bxa8 13. Ra1 Bc6 14. e4 Qc8
15. d5 Bd7 16. dxe6 fxe6 17. e5 dxe5 18. Ne4 Kf7 19. Ra8 Bc6 20. Ra7 Qd8 21.
Qe2 Be8 22. Nxe5+ Kf8 23. Nxf6 gxf6 24. Nd3 Qe7 25. Nf4 Kf7 26. Bh3 f5 27. Qe5
Rh7 28. Rxc7 Nd7 29. Qxb5 Qd6 30. Qc4 Kf6 31. Rc6 Qd1+ 32. Bf1 Bf7 33. Nxe6 Ne5
34. Qc3 Qd5 35. f4 Bxe6 36. fxe5+ Kg6 37. Qc4 1-0

[Event "4NCL/Div2/BRI1 vs. WRO"]
[Site "Birmingham ENG"]
[Date "2005.11.20"]
[Round "4.3"]
[White "Vitoux, Columban"]
[Black "Potts, Alan W"]
[Result "1/2-1/2"]
[WhiteElo "2264"]
[BlackElo "2275"]
[PlyCount "46"]
[EventDate "2005.11.20"]
[SourceDate "2005.10.25"]

1. e4 e6 2. d4 d5 3. Nc3 Bb4 4. e5 c5 5. dxc5 Nc6 6. Nf3 Qc7 7. Bf4 Nge7 8. Nd4
a6 9. Nxc6 Nxc6 10. Bd3 f6 11. Qh5+ Qf7 12. Qxf7+ Kxf7 13. exf6 gxf6 14. O-O
Bxc5 15. Na4 Ba7 16. Bc7 Bd7 17. Nb6 Bxb6 18. Bxb6 Ne5 19. Be2 Rhc8 20. f4 Nc4
21. Bxc4 Rxc4 22. c3 Re4 23. Rae1 Rxe1 1/2-1/2

[Event "4NCL/Div2/BRI1 vs. WRO"]
[Site "Birmingham ENG"]
[Date "2005.11.20"]
[Round "4.4"]
[White "Burnett, Jim"]
[Black "Rudd, Jack"]
[Result "0-1"]
[WhiteElo "2194"]
[BlackElo "2281"]
[PlyCount "62"]
[EventDate "2005.11.20"]
[SourceDate "2005.10.25"]

1. d4 Nf6 2. c4 c5 3. d5 e6 4. Nc3 exd5 5. cxd5 d6 6. e4 g6 7. f4 a6 8. a4 Bg7
9. Nf3 O-O 10. Be2 Bg4 11. O-O Nbd7 12. h3 Bxf3 13. Bxf3 c4 14. Be3 Rc8 15. Bd4
Re8 16. Re1 Qc7 17. g4 Nc5 18. g5 Nh5 19. Bxg7 Nxg7 20. Bg4 Rcd8 21. Re2 Nd3
22. Qd2 b5 23. axb5 axb5 24. Kg2 b4 25. Na4 Ra8 26. b3 Nc5 27. Qxb4 Nxb3 28.
Ra3 Nd4 29. Nc3 Rxa3 30. Qxa3 Nxe2 31. Bxe2 Qb6 0-1

[Event "4NCL/Div2/BRI1 vs. WRO"]
[Site "Birmingham ENG"]
[Date "2005.11.20"]
[Round "4.5"]
[White "Beaumont, Chris"]
[Black "Gayson, Peter M"]
[Result "1-0"]
[WhiteElo "2329"]
[BlackElo "2233"]
[PlyCount "87"]
[EventDate "2005.11.20"]
[SourceDate "2005.10.25"]

1. e4 c5 2. c3 d5 3. exd5 Qxd5 4. d4 Nc6 5. Nf3 Bg4 6. dxc5 Qxd1+ 7. Kxd1
O-O-O+ 8. Nbd2 Nf6 9. Ke1 e5 10. Nb3 Ne4 11. Be3 Be6 12. Bb5 Bxb3 13. axb3 Bxc5
14. Bxc6 bxc6 15. Nxe5 Rhe8 16. Nc4 Nd6 17. Ke2 f5 18. Kf3 Nxc4 19. bxc4 Bxe3
20. fxe3 Rd3 21. Rxa7 Rdxe3+ 22. Kf4 R8e4+ 23. Kxf5 Re5+ 24. Kg4 R5e4+ 25. Kh5
Rxc4 26. Rxg7 Rc5+ 27. Kh4 Rc4+ 28. g4 Re2 29. Rf1 Rxh2+ 30. Kg3 Rd2 31. Rxh7
Rd3+ 32. Rf3 Rxf3+ 33. Kxf3 Rc5 34. Kf4 Kd8 35. g5 Ke8 36. Kg4 Kf8 37. Rc7 Ke8
38. Kh5 Kf8 39. Kg6 Rc4 40. Kf5 Rc5+ 41. Kf6 Ke8 42. g6 Rc4 43. g7 Rf4+ 44. Kg5
1-0